Municipis de Lleida - Estadísticas

Estadísticas generales
  • Esta prueba ha sido intentada 61 veces
  • La puntuación promedio es 58 de 230
Estadísticas de respuestas
Comarca Població Municipis % Correcto
Segrià 143094 Lleida
92%
Pla d'Urgell 15037 Mollerussa
92%
Noguera 17649 Balaguer
88%
Vall d'Aran 994 Les
83%
Segarra 9453 Cervera
81%
Urgell 18268 Tàrrega
81%
Pallars Jussà 5961 Tremp
77%
Segrià 9787 Alcarràs
75%
Alt Urgell 12568 la Seu d'Urgell
73%
Pallars Sobirà 2211 Sort
73%
Segrià 2783 Alfarràs
71%
Solsonès 9171 Solsona
69%
Segrià 6847 Almacelles
67%
Garrigues 6215 les Borges Blanques
67%
Segrià 3012 Alguaire
65%
Segrià 6394 Alpicat
65%
Noguera 2710 Ponts
60%
Segrià 4852 Torrefarrera
58%
Segarra 7603 Guissona
56%
Pallars Jussà 3035 la Pobla de Segur
56%
Noguera 582 Àger
54%
Segrià 3379 Almenar
54%
Segrià 3495 Alcoletge
52%
Segrià 2557 Aitona
50%
Alta Ribagorça 2371 el Pont de Suert
50%
Pallars Sobirà 874 Esterri d'Àneu
50%
Garrigues 3478 Juneda
50%
Segrià 1855 Soses
50%
Segrià 2238 Albatàrrec
48%
Segrià 1512 Artesa de Lleida
48%
Noguera 1341 Térmens
48%
Noguera 3504 Artesa de Segre
46%
Noguera 786 Camarasa
46%
Urgell 5150 Bellpuig
44%
Pla d'Urgell 2744 Linyola
44%
Segrià 1090 Vilanova de la Barca
44%
Urgell 1361 Anglesola
42%
Alt Urgell 1864 Oliana
42%
Noguera 1588 Albesa
40%
Pla d'Urgell 2263 Bellvís
40%
Pla d'Urgell 1607 Ivars d'Urgell
40%
Alta Ribagorça 1090 la Vall de Boí
40%
Alt Urgell 797 Organyà
40%
Segrià 3329 Rosselló
40%
Segrià 1893 Seròs
40%
Noguera 1990 Vallfogona de Balaguer
40%
Noguera 1231 Bellcaire d'Urgell
38%
Pla d'Urgell 2378 Bell-lloc d'Urgell
38%
Pla d'Urgell 1902 Golmés
38%
Segrià 908 Maials
38%
Segrià 286 Alfés
37%
Segrià 1397 Puigverd de Lleida
37%
Pla d'Urgell 766 Sidamon
37%
Urgell 884 Verdú
35%
Noguera 434 Algerri
33%
Berguedà 230 Gósol
33%
Segrià 927 la Granja d'Escarp
33%
Noguera 1083 Os de Balaguer
33%
Segrià 2285 Torres de Segre
33%
Vall d'Aran 5765 Vielha e Mijaran
33%
Vall d'Aran 1137 Bossòst
31%
Segrià 419 Llardecans
31%
Pallars Sobirà 343 Llavorsí
31%
Noguera 774 Menàrguens
31%
Pla d'Urgell 1366 Miralcamp
31%
Solsonès 1002 Sant Llorenç de Morunys
31%
Segrià 387 Sarroca de Lleida
31%
Pla d'Urgell 2186 Torregrossa
31%
Garrigues 2109 Arbeca
29%
Baixa Cerdanya 2250 Bellver de Cerdanya
29%
Pallars Sobirà 386 Espot
29%
Noguera 428 Penelles
29%
Segarra 1152 Sant Guim de Freixenet
29%
Alta Ribagorça 505 Vilaller
29%
Pla d'Urgell 766 Vila-sana
29%
Garrigues 445 Vinaixa
29%
Segrià 307 Almatret
27%
Garrigues 893 Castelldans
27%
Segrià 1486 Corbins
27%
Garrigues 764 l'Albi
27%
Segrià 753 la Portella
27%
Noguera 633 Montgai
27%
Segrià 331 Sunyer
27%
Solsonès 1201 Torà
27%
Segrià 294 Torrebesses
27%
Noguera 751 Torrelameu
27%
Urgell 989 Castellserà
25%
Alt Urgell 568 Coll de Nargó
25%
Pla d'Urgell 2188 el Palau d'Anglesola
25%
Segrià 794 els Alamús
25%
Urgell 1223 la Fuliola
25%
Urgell 621 Vilagrassa
25%
Alt Urgell 221 Bassella
23%
Pla d'Urgell 706 Castellnou de Seana
23%
Noguera 344 Cubells
23%
Vall d'Aran 1921 Naut Aran
23%
Segrià 885 Sudanell
23%
Urgell 222 Vallbona de les Monges
23%
Segrià 1045 Vilanova de Segrià
23%
Pallars Jussà 167 Abella de la Conca
21%
Pallars Sobirà 282 Alins
21%
Noguera 114 Alòs de Balaguer
21%
Pallars Sobirà 447 Alt Àneu
21%
Segrià 1579 Benavent de Segrià
21%
Urgell 255 Guimerà
21%
Noguera 332 Ivars de Noguera
21%
Garrigues 155 la Floresta
21%
Segrià 563 Massalcoreig
21%
Pallars Sobirà 669 Rialb
21%
Segrià 405 Torre-serona
21%
Noguera 442 Vilanova de Meià
21%
Pallars Sobirà 349 Baix Pallars
19%
Noguera 531 Castelló de Farfanya
19%
Garrigues 382 Juncosa
19%
Garrigues 750 la Granadella
19%
Alt Urgell 345 Peramola
19%
Segarra 391 Sanaüja
19%
Segarra 489 Sant Ramon
19%
Pallars Jussà 591 Talarn
19%
Urgell 857 Tornabous
19%
Pla d'Urgell 1183 Vilanova de Bellpuig
19%
Segrià 243 Alcanó
17%
Solsonès 184 Biosca
17%
Pallars Jussà 1061 Isona i Conca Dellà
17%
Pallars Jussà 794 la Torre de Cabdella
17%
Urgell 240 Maldà
17%
Segrià 483 Montoliu de Lleida
17%
Noguera 411 Preixens
17%
Pallars Sobirà 144 Tírvia
17%
Vall d'Aran 71 Arres
15%
Segrià 217 Aspa
15%
Alt Urgell 99 Cabó
15%
Urgell 188 Ciutadilla
15%
Garrigues 155 el Cogul
15%
Pla d'Urgell 780 Fondarella
15%
Pallars Sobirà 285 la Guingueta d'Àneu
15%
Alt Urgell 792 les Valls de Valira
15%
Pallars Sobirà 254 Lladorre
15%
Pallars Jussà 133 Llimiana
15%
Solsonès 248 Odèn
15%
Baixa Cerdanya 95 Riu de Cerdanya
15%
Pallars Jussà 160 Senterada
15%
Pallars Sobirà 440 Soriguera
15%
Alt Urgell 77 Arsèguel
13%
Noguera 61 Cabanabona
13%
Vall d'Aran 97 Canejan
13%
Garrigues 645 Cervià de les Garrigues
13%
Pla d'Urgell 655 el Poal
13%
Garrigues 321 el Soleràs
13%
Pallars Sobirà 61 Esterri de Cardós
13%
Garrigues 157 Granyena de les Garrigues
13%
Garrigues 356 l'Albagés
13%
Garrigues 324 l'Espluga Calba
13%
Solsonès 995 Olius
13%
Solsonès 280 Pinós
13%
Noguera 196 Vilanova de l'Aguda
13%
Urgell 510 Belianes
12%
Garrigues 258 Bovera
12%
Alt Urgell 44 Cava
12%
Alt Urgell 163 el Pont de Bar
12%
Vall d'Aran 278 Es Bòrdes
12%
Pallars Sobirà 124 Farrera
12%
Noguera 179 Foradada
12%
Segrià 1108 Gimenells i el Pla de la Font
12%
Solsonès 131 Guixers
12%
Solsonès 275 la Coma i la Pedra
12%
Garrigues 201 la Pobla de Cérvoles
12%
Noguera 445 la Sentiu de Sió
12%
Segarra 164 les Oluges
12%
Solsonès 212 Llobera
12%
Urgell 197 Ossó de Sió
12%
Urgell 403 Preixana
12%
Garrigues 257 Puiggròs
12%
Pallars Jussà 348 Salàs de Pallars
12%
Segarra 277 Talavera
12%
Alt Urgell 322 Alàs i Cerc
10%
Vall d'Aran 70 Bausen
10%
Solsonès 158 Clariana de Cardener
10%
Pallars Jussà 436 Conca de Dalt
10%
Garrigues 197 els Omellons
10%
Alt Urgell 255 Fígols i Alinyà
10%
Segarra 149 Granyanella
10%
Noguera 225 la Baronia de Rialb
10%
Noguera 445 les Avellanes i Santa Linya
10%
Solsonès 185 Lladurs
10%
Baixa Cerdanya 292 Lles de Cerdanya
10%
Alt Urgell 1093 Montferrer i Castellbò
10%
Segarra 91 Montornès de Segarra
10%
Urgell 260 Puigverd d'Agramunt
10%
Pallars Jussà 129 Sant Esteve de la Sarga
10%
Pallars Jussà 119 Sarroca de Bellera
10%
Garrigues 117 Tarrés
10%
Segarra 180 Tarroja de Segarra
10%
Pallars Sobirà 379 Vall de Cardós
10%
Vall d'Aran 167 Vilamòs
10%
Pla d'Urgell 929 Barbens
8%
Garrigues 289 Bellaguarda
8%
Noguera 176 Bellmunt d'Urgell
8%
Urgell 120 els Omells de na Gaia
8%
Garrigues 142 els Torms
8%
Garrigues 190 el Vilosell
8%
Alt Urgell 133 Estamariu
8%
Garrigues 87 Fulleda
8%
Pallars Jussà 257 Gavet de la Conca
8%
Segarra 99 Ivorra
8%
Alt Urgell 125 Josa i Tuixén
8%
Alt Urgell 181 la Vansa i Fórnols
8%
Baixa Cerdanya 631 Montellà i Martinet
8%
Urgell 94 Nalec
8%
Solsonès 315 Navès
8%
Noguera 198 Oliola
8%
Alt Urgell 938 Ribera d'Urgellet
8%
Solsonès 267 Riner
8%
Segarra 200 Sant Guim de la Plana
8%
Noguera 67 Tiurana
8%
Solsonès 142 Castellar de la Ribera
6%
Segarra 164 Estaràs
6%
Segarra 152 Granyena de Segarra
6%
Solsonès 102 la Molsosa
6%
Alt Urgell 270 les Valls d'Aguilar
6%
Segarra 215 Massoteres
6%
Segarra 183 Montoliu de Segarra
6%
Baixa Cerdanya 254 Prats i Sansor
6%
Baixa Cerdanya 269 Prullans
6%
Segarra 612 Torrefeta i Florejacs
6%
Pallars Jussà 179 Castell de Mur
4%
Segarra 515 els Plans de Sió
4%
Solsonès 194 Pinell de Solsonès
4%
Segarra 457 Ribera d'Ondara
4%
Urgell 655 Sant Martí de Riucorb
4%
No se encontraron pruebas coincidentes
Distribución de puntuación
Porcentaje de gente con cada puntuación
Porcentaje por número respondido
Historial de tus puntuaciones
No has intentado esta prueba.